Größte Städte und Agglomerationen in der Schweiz - Whammies - Statistiken

Allgemein
  • Dieses Quiz wurde 54 mal gespielt
  • Das Durchschnittsergebnis liegt bei 25 aus 40
Antwortstatistiken
# # # % Korrekt
Stadt 137.995 Bern
100%
Agglomeration 434.000 Bern
100%
Stadt 436.551 Zürich
100%
Agglomeration 1.474.000 Zürich
100%
Stadt 177.571 Basel
95%
Agglomeration 573.000 Basel
95%
Stadt 209.061 Genf
95%
Agglomeration 6356.000 Genf
95%
Stadt 144.873 Lausanne
93%
Agglomeration 456.000 Lausanne
93%
Stadt 86.234 Luzern
89%
Agglomeration 247.000 Luzern
89%
Stadt 78.863 St. Gallen
77%
Agglomeration 173.000 St. Gallen
77%
Stadt 120.376 Winterthur
73%
Agglomeration 154.000 Winterthur
73%
Stadt 63.629 Lugano
68%
Agglomeration 154.000 Lugano
68%
Stadt 39.151 Freiburg
64%
Agglomeration 117.000 Freiburg
64%
Stadt 45.309 Neuenburg
64%
Agglomeration 88.000 Neuenburg
64%
Stadt 38.964 Schaffhausen
57%
Stadt 56.896 Biel
55%
Agglomeration 112.000 Biel
55%
Agglomeration 139.000 Zug
52%
Agglomeration 86.000 Aarau
50%
Agglomeration 94.000 Sitten
50%
Stadt 44.125 Thun
50%
Agglomeration 82.000 Thun
50%
Stadt 39.177 Chur
41%
Stadt 45.305 Bellinzona
39%
Agglomeration 109.000 Olten / Zofingen
39%
Agglomeration 84.000 Solothurn
36%
Agglomeration 90.000 Vevey / Montreux
25%
Agglomeration 120.000 Baden / Brugg
20%
Stadt 37.600 La Chaux-de-Fonds
20%
Stadt 43.508 Köniz
9%
Stadt 37.837 Vernier
7%
Stadt 37.259 Lancy
5%
Keine übereinstimmenden Quizze gefunden
Verteilung der Resultate
Anzahl Personen mit jedem Resultat
Perzentil nach korrekt beantworteten Fragen
Ihre Resultats-Entwicklung
Sie haben dieses Quiz noch nicht gespielt